000
00344nam a22001577a 4500
005
20160625170953.0
008
160625b xxu||||| |||| 00| 0 eng d
041
_a
eng
082
_b
10255
100
_a
Chandra, Grirish
_9
2821
245
_a
Jane (Bangla)
260
_b
Pragaya Vikas
300
_a
215
650
_a
Bangla
_9
2816
942
_c
BK
999
_c
4094
_d
4093